|
|
|
|
| LEADER |
00722nam a22001932a 4500 |
| 001 |
000485391 |
| 003 |
CZ BrMZK |
| 005 |
20020131083541.0 |
| 008 |
000307s1987 xo slo d |
| 040 |
|
|
|a BOA001
|b cze
|c BOA002
|
| 100 |
1 |
|
|a Ballová, Adriana
|7 jx20031130033
|4 aut
|
| 245 |
1 |
0 |
|a Pracovný zošit zo slovenského jazyka pre 3. ročník základnej školy /
|c Adriana Ballová, Margita Bernáthová
|
| 250 |
|
|
|a 1. vyd.
|
| 260 |
|
|
|a Bratislava :
|b Slovenské pedagogické nakladateľstvo,
|c 1987
|
| 300 |
|
|
|a 83 s.
|
| 700 |
1 |
|
|a Bernáthová, Margita
|7 jx20031130044
|4 aut
|
| 910 |
|
|
|a BOA001
|b PK-N-0026.208
|
| 990 |
|
|
|a BK
|
| 996 |
7 |
|
|b 3119836428
|c PK-N-0026.208
|l MZK
|r Sklad / do 1 hodiny
|n 0
|w 000485391
|u 000010
|a 1
|e BOA001
|j MZK50
|s A
|